000 00867nam a2200277Ia 4500
003 GCL
008 140319s9999 xx 000 0 ara d
020 _a5158205977
040 _aGCL /
_cGCL
082 0 4 _a616.89
_bا ط
100 1 _aاحمد عكاشة
245 1 0 _aالطب النفسى المعاصر /
_cاحمد عكاشة
260 _aالقاهرة :
_bمكتبة الانجلوالمصرية ،
_c1992
300 _a826 ص ؛
_c24سم
490 _a
650 0 4 _aالتحليل النفسى
650 0 4 _aالشخصية
650 0 4 _aالاضطرابات النفسية
650 0 4 _aالعلاج النفسى
650 0 4 _aالطب النفسى
650 0 4 _aالامراض النفسية
650 0 4 _aالاضطراب الجنسى
650 0 4 _aاضطرابات
650 0 4 _aالاضطرابات العقلية
942 _2ddc
_cBK
999 _c31297
_d31297